000
00339 a2200157 4500
001
192561
020
_a
040
_c
Magnum
100
_a
A. Netto, Maria Helena
240
1
0
_a
Dá para rir e para chorar
_l
por
245
1
0
_a
Dá para rir e para chorar
300
_a
71
362
0
_a
2007
697
_a
LITERATURA GERAL
942
_c
BK
999
_c
192561
_d
192561